000 00928nam a2200217Ia 4500
003 OSt
005 20251205163249.0
008 210719s2019 xx 000 0 und d
040 _cAL
041 _aKannada
082 _aK894.1 KRIK
100 _aKRISHNAMURTI (K)
_dಕೃಷ್ಣಮೂರ್ತಿ (ಕೆ)
_9248005
245 _aKannada kavyalankara sutra vratti: Vamanana mulagranthada anuvada haghu vivarane
_b ಕನ್ನಡ ಕಾವ್ಯಾಲಂಕಾರ ಸೂತ್ರ ವೃತ್ತಿ: ವಾಮನನ ಮೂಲಗ್ರಂಥದ ಅನುವಾದ ಹಾಗು ವಿವರಣೆ
260 _aMaisuru
_bKrishnamurti Foundation Trust Ltd
_c2019
300 _axvi,220
_bPB
365 _b220
_cRs
650 _aKannada literature
_9248006
650 _aKannada Poetry
_9248007
906 _aanuvada ; haghu ; Kannada ; kavyalankara ; mulagranthada ; sutra ; Vamanana ; vivarane ; vratti
942 _2ddc
_cBK
999 _c211855
_d211855